000 00500nam a2200145Ia 4500
008 090122s9999 xx 000 0 und d
082 _b10818
100 _aगोखले
_bगो
_cसी
245 _aज्ञानसागरातील शिंपले (5)
600 _aगोखले
630 _aज्ञानसागरातील शिंपले (5)
700 _aगोखले
730 _aज्ञानसागरातील शिंपले (5)
942 _cBOOK
999 _c34895
_d34895